[Event "Norway Chess op-A"]
[Site "Stavanger"]
[Date "2025.05.27"]
[Round "8"]
[White "Ter Avetisjana, Agnesa Stepania"]
[Black "Anatol, Luke Leon Robin"]
[Result "1-0"]
[WhiteElo "2185"]
[BlackElo "2007"]
[PlyCount "127"]
[EventDate "2025.05.27"]
[EventType "swiss"]
[EventRounds "9"]
[EventCountry "NOR"]
[SourceTitle "CB23_2025"]
[SourceDate "2025.06.04"]
[SourceVersion "1"]
[SourceVersionDate "2025.06.04"]
[SourceQuality "1"]

1. e4 c5 2. Nf3 Nc6 3. Bb5 d5 4. exd5 Qxd5 5. 0-0 Bg4 6. Nc3 Bxf3 7. Nxd5 Bxd1 8. Rxd1 Rc8 9. b3 e6 10. Ne3 Be7 11. Rb1 Nf6 12. Bb2 0-0 13. Bf1 Rfd8 14. g3 Ne8 15. a4 Bf6 16. Ba3 b6 17. Bg2 h5 18. f4 Nd6 19. Bb2 Bxb2 20. Rxb2 g6 21. d3 Nd4 22. Kf2 Kg7 23. Re1 Nc6 24. Bxc6 Rxc6 25. Nf1 a6 26. Nd2 b5 27. Nf3 bxa4 28. bxa4 c4 29. Ne5 Rc7 30. Rb6 cxd3 31. cxd3 Nb7 32. Ke3 a5 33. Reb1 Nc5 34. Rc1 f6 35. d4 fxe5 36. dxc5 exf4+ 37. gxf4 Kf6 38. Ra6 Rb8 39. Rc3 Rb2 40. h3 Rh2 41. Kd4 Rf2 42. Ke4 Re2+ 43. Kf3 Rh2 44. Kg3 Rb2 45. Rxa5 Ra2 46. c6 Ra1 47. Rc4 Ra3+ 48. Kh4 Rd3 49. Rb5 Rd6 50. Rbc5 Rd3 51. a5 Ra3 52. Rb5 Ke7 53. Rg5 Kf6 54. Rgc5 Kf7 55. Rc3 Ra4 56. Kg5 Ra2 57. Rg3 Ra4 58. Kh6 Rxf4 59. Rxg6 Kf8 60. Rxe6 Kf7 61. Rg6 Kf8 62. a6 Rff7 63. Rb5 Rh7+ 64. Kg5 1-0

[Event "Roquetas de Mar Long Memorial op"]
[Site "Roquetas de Mar"]
[Date "2025.05.16"]
[Round "9"]
[White "Guillen Martinez, Hugo"]
[Black "Anatol, Luke Leon Robin"]
[Result "1/2-1/2"]
[WhiteElo "2155"]
[BlackElo "2007"]
[PlyCount "73"]
[EventDate "2025.05.10"]
[EventType "swiss"]
[EventRounds "9"]
[EventCountry "ESP"]
[SourceTitle "CB21_2025"]
[SourceDate "2025.05.21"]
[SourceVersion "1"]
[SourceVersionDate "2025.05.21"]
[SourceQuality "1"]

1. e4 c5 2. Nf3 Nc6 3. Bb5 e5 4. 0-0 Bd6 5. c3 a6 6. Bxc6 dxc6 7. d4 exd4 8. cxd4 Bg4 9. Be3 Bxf3 10. Qxf3 cxd4 11. Bxd4 Bxh2+ 12. Kxh2 Qxd4 13. Nc3 Qe5+ 14. Kg1 Nf6 15. Qh3 0-0 16. Rae1 Rfe8 17. Re3 Rad8 18. Kh1 Rd2 19. f4 Qh5 20. Qxh5 Nxh5 21. e5 f5 22. b3 g6 23. Kg1 Red8 24. g3 Rc2 25. Rf2 Rxf2 26. Kxf2 Rd2+ 27. Ke1 Rd8 28. Na4 Rd5 29. Nb6 Rd8 30. Na4 Rd5 31. Nb6 Rd8 32. Nc4 Ng7 33. e6 Ne8 34. Na5 Nd6 35. e7 Re8 36. Re6 Nc8 37. Nxb7 1/2-1/2

[Event "Roquetas de Mar Long Memorial op"]
[Site "Roquetas de Mar"]
[Date "2025.05.15"]
[Round "8"]
[White "Arizmendi Martinez, Julen Luis"]
[Black "Anatol, Luke Leon Robin"]
[Result "1-0"]
[WhiteElo "2495"]
[BlackElo "2007"]
[PlyCount "79"]
[EventDate "2025.05.10"]
[EventType "swiss"]
[EventRounds "9"]
[EventCountry "ESP"]
[SourceTitle "CB21_2025"]
[SourceDate "2025.05.21"]
[SourceVersion "1"]
[SourceVersionDate "2025.05.21"]
[SourceQuality "1"]

1. d4 Nf6 2. c4 c5 3. d5 b5 4. cxb5 a6 5. e3 g6 6. Nc3 Bg7 7. Nf3 0-0 8. a4 Bb7 9. Bc4 axb5 10. Bxb5 e6 11. Bc4 exd5 12. Nxd5 Nxd5 13. Bxd5 Qc7 14. 0-0 Nc6 15. Rb1 Rfb8 16. b3 Nb4 17. Bxb7 Rxb7 18. Bb2 Rab8 19. Bxg7 Kxg7 20. Qd2 Qc6 21. Rbc1 Na6 22. Qc3+ Qf6 23. Nd2 Qxc3 24. Rxc3 Kf8 25. e4 d6 26. Rd1 Nc7 27. Rd3 Ke7 28. Nc4 Ne8 29. Na5 Rc7 30. f3 Kf8 31. h4 h5 32. Kf2 Ra8 33. Nc4 Rb7 34. R1d2 Rb4 35. Ra2 Rab8 36. Na5 c4 37. Nxc4 Rxb3 38. Rxb3 Rxb3 39. a5 Rc3 40. Ne3 1-0